000 00555nam a2200181 a 4500
001 000022487
005 20200930021633.0
008 101012s2006 dr ac 000 0 spa d
020 _a9803253115
040 _aDO-SdBNP
_bspa
_cBNPHU
082 _axxx
_bJ61h
100 1 _aJiménez Nouel, Morella
_946334
245 1 0 _aMi hermano y sus sueños de libertad :
_bhéroe de la historia dominicana /
_cMorella Jiménez Nouel.
250 _a2a ed.
260 _aSanto Domingo :
_bCorripio,
_c2006.
300 _a113 p. :
_bil. ; retrs. ;
_c22 cm.
049 _aBNPD
999 _c21985
_d21985